[Event "PER-ch"]
[Site "Lima"]
[Date "2024.07.11"]
[Round "9"]
[White "Garay Ramirez, Estefano Javier"]
[Black "Fernandez Sanchez, Fernando Miguel"]
[Result "0-1"]
[WhiteElo "1896"]
[BlackElo "2387"]
[PlyCount "80"]
[EventDate "2024.07.06"]
[EventType "tourn"]
[EventRounds "11"]
[EventCountry "PER"]
[SourceTitle "EXT 2025"]
[Source "ChessBase"]
[SourceDate "2024.10.14"]
[SourceVersion "1"]
[SourceVersionDate "2024.10.14"]
[SourceQuality "1"]

1. d4 d5 2. c4 e6 3. Nc3 a6 4. cxd5 exd5 5. Nf3 h6 6. Bf4 Nf6 7. e3 Bd6 8. Be5 c6 9. Bd3 0-0 10. 0-0 Bg4 11. Qb3 b5 12. a4 b4 13. Ne2 Re8 14. Rac1 Bxf3 15. gxf3 Bxe5 16. dxe5 Nfd7 17. f4 Qb6 18. Bf5 Ra7 19. a5 Qxa5 20. Nd4 Qb6 21. Bxd7 Rxd7 22. Qc2 c5 23. e6 fxe6 24. Qg6 Rf7 25. Nf5 Kf8 26. Nh4 Qd8 27. Nf3 Nd7 28. Ra1 a5 29. Rfd1 Kg8 30. Kh1 Rf6 31. Qh5 Ref8 32. Rg1 R8f7 33. Rg3 Qa8 34. h4 a4 35. Kh2 a3 36. bxa3 b3 37. Ng5 Rf5 38. Qxf7+ Rxf7 39. Nxf7 Kxf7 40. Rag1 Qf8 0-1

[Event "PER-ch"]
[Site "Lima"]
[Date "2024.07.08"]
[Round "4"]
[White "Flores Quillas, Diego Saul Rodrigo"]
[Black "Garay Ramirez, Estefano Javier"]
[Result "1-0"]
[WhiteElo "2460"]
[BlackElo "1896"]
[PlyCount "101"]
[EventDate "2024.07.06"]
[EventType "tourn"]
[EventRounds "11"]
[EventCountry "PER"]
[SourceTitle "EXT 2025"]
[Source "ChessBase"]
[SourceDate "2024.10.14"]
[SourceVersion "1"]
[SourceVersionDate "2024.10.14"]
[SourceQuality "1"]

1. e4 c5 2. Nf3 e6 3. c3 d5 4. e5 d4 5. Bd3 Nc6 6. 0-0 Nh6 7. Na3 Be7 8. Qe2 Nf5 9. Nc2 0-0 10. b3 Qb6 11. Bb2 Rd8 12. g4 Nh4 13. Nxh4 Bxh4 14. cxd4 a5 15. dxc5 Qxc5 16. Be4 a4 17. d4 Qb6 18. Qe3 Be7 19. f4 Bf8 20. f5 Nxe5 21. f6 g6 22. Qg3 axb3 23. axb3 Rxa1 24. Bxa1 Nc6 25. Kh1 Na5 26. b4 Nc4 27. Qg2 Nd6 28. Bf3 Bd7 29. d5 exd5 30. Bxd5 Bc6 31. Bxc6 bxc6 32. Bd4 Qb5 33. Bc5 Qd3 34. Nd4 Ne4 35. Nxc6 Bxc5 36. bxc5 Ra8 37. Ne7+ Kf8 38. Re1 Ra4 39. c6 Qc3 40. Qf1 Nxf6 41. c7 Rc4 42. c8Q+ Rxc8 43. Nxc8 Nxg4 44. Nd6 f5 45. Ne4 Qe5 46. Ng3 Qd4 47. Qf3 Kf7 48. Kg2 Kg7 49. Re2 h5 50. h3 Ne5 51. Qxf5 1-0

[Event "ECU Clasif1 U13"]
[Site "Chess.com INT"]
[Date "2020.12.17"]
[Round "5"]
[White "Gallegos Uscamayta, Wilson"]
[Black "Garay Ramirez, Estefano Javier"]
[Result "0-1"]
[WhiteElo "1206"]
[BlackElo "1099"]
[PlyCount "34"]
[EventDate "2020.12.17"]
[EventType "swiss"]
[EventRounds "9"]
[EventCountry "ECU"]
[SourceTitle "EXT 2022"]
[Source "ChessBase"]
[SourceDate "2021.10.06"]
[SourceVersion "1"]
[SourceVersionDate "2021.10.06"]
[SourceQuality "1"]

1. e4 c5 2. Bc4 d6 3. Nf3 Nc6 4. d3 Nf6 5. Nc3 e6 6. h3 Be7 7. Be3 0-0 8. 0-0 a6 9. a4 d5 10. exd5 exd5 11. Bb3 d4 12. Ne2 dxe3 13. fxe3 Qd6 14. e4 Be6 15. Bxe6 Qxe6 16. Nf4 Qd7 17. Qe2 Nd4 0-1

[Event "ECU Clasif1 U13"]
[Site "Chess.com INT"]
[Date "2020.12.17"]
[Round "4"]
[White "Garay Ramirez, Estefano Javier"]
[Black "Garay Ramirez, Patrick Yosue"]
[Result "1-0"]
[WhiteElo "1099"]
[BlackElo "1004"]
[PlyCount "61"]
[EventDate "2020.12.17"]
[EventType "swiss"]
[EventRounds "9"]
[EventCountry "ECU"]
[SourceTitle "EXT 2022"]
[Source "ChessBase"]
[SourceDate "2021.10.06"]
[SourceVersion "1"]
[SourceVersionDate "2021.10.06"]
[SourceQuality "1"]

1. c4 e5 2. Nc3 Bc5 3. Nf3 Nf6 4. d3 Nc6 5. e3 d6 6. d4 exd4 7. exd4 Bb6 8. g3 Be6 9. d5 Ng4 10. Be3 Bxe3 11. fxe3 Nxe3 12. Qd2 Nxf1 13. Rxf1 0-0 14. dxe6 Re8 15. 0-0-0 Rxe6 16. Rde1 Rxe1+ 17. Rxe1 Nb4 18. a3 Nc6 19. Nd4 Nxd4 20. Qxd4 h6 21. Nd5 Qd7 22. Ne7+ Kh8 23. Qf4 Re8 24. Qxf7 d5 25. Ng6+ Kh7 26. Qxd7 Rxe1+ 27. Kd2 Rb1 28. Nf8+ Kg8 29. Ne6 Rxb2+ 30. Kc3 Rxh2 31. Qxg7# 1-0